000
00292nam a22001337a 4500
008
170221b xxu||||| |||| 00| 0 eng d
020
_a
1563632039
041
_a
eng
080
_2
18 ED
_a
615
100
_a
5
101
_a
SHF
245
_a
PHYSICIANS DESK REFERENCE
_c
ARKY.R
942
_2
udc
_c
BK
999
_c
5981
_d
5981